|
|
|
|
| LEADER |
00000nab a2200000uu 4500 |
| 001 |
vtls011511974 |
| 003 |
SK-MaSNL |
| 005 |
20260303181108.0 |
| 008 |
230704|1965 xo |||||||||||||||||cze| |
| 015 |
|
|
|a SNBRB
|
| 035 |
|
|
|a (urnnbn)urn:nbn:sk:snk:ar-001awh
|
| 035 |
|
|
|a (uuid)c1230be9-a675-4eb5-b48f-23afdadcc645
|
| 035 |
|
|
|a urn:nbn:sk:snk-abe2gk
|
| 040 |
|
|
|a SNKBUCL
|b slo
|c SNKBUCL
|e AACR2
|
| 041 |
0 |
|
|a cze
|
| 044 |
|
|
|a xo
|c SK
|
| 100 |
1 |
|
|a Holan, Vladimír,
|d 1905-1980
|4 aut
|9 100194
|
| 245 |
1 |
0 |
|a Ale tam venku
|c Vladimír Holan
|
| 655 |
|
7 |
|a česká poézia
|2 SNKPH
|9 70569
|
| 773 |
0 |
|
|t Slovenské pohľady
|g Roč. (81), č. 9 (1965), s. 52-53
|
| 850 |
|
|
|a Slovenská národná knižnica
|
| 852 |
|
|
|a Slovenská národná knižnica
|
| 954 |
|
|
|a beletria cudzojazyčná (svetová)
|2 lita
|
| 958 |
|
|
|a OND
|
| 958 |
|
|
|a EUIPO
|
| 958 |
|
|
|a article21
|
| 999 |
|
|
|c 2109113
|d 2111043
|